Monetary policy in dollarized economies / (Record no. 129151)
[ view plain ]
| 000 -LEADER | |
|---|---|
| fixed length control field | 01325cam a2200337 a 4500 |
| 001 - CONTROL NUMBER | |
| control field | 2144250 |
| 003 - CONTROL NUMBER IDENTIFIER | |
| control field | ARRUPE |
| 005 - DATE AND TIME OF LATEST TRANSACTION | |
| control field | 20190307102354.0 |
| 008 - FIXED-LENGTH DATA ELEMENTS--GENERAL INFORMATION | |
| fixed length control field | 980901s1999 dcua b i000 0 eng |
| 010 ## - LIBRARY OF CONGRESS CONTROL NUMBER | |
| LC control number | 98043299 |
| 020 ## - INTERNATIONAL STANDARD BOOK NUMBER | |
| International Standard Book Number | 1557757577 (paper) |
| 040 ## - CATALOGING SOURCE | |
| Original cataloging agency | DLC |
| Transcribing agency | DLC |
| Modifying agency | DLC |
| 043 ## - GEOGRAPHIC AREA CODE | |
| Geographic area code | d------ |
| 050 00 - LIBRARY OF CONGRESS CALL NUMBER | |
| Classification number | HG1496 |
| Item number | .B345 1999 |
| 082 00 - DEWEY DECIMAL CLASSIFICATION NUMBER | |
| Classification number | 332.4/91724 |
| Edition number | 21 |
| 300 ## - PHYSICAL DESCRIPTION | |
| Other physical details | col. ill. ; |
| Dimensions | 28 cm. |
| 100 1# - MAIN ENTRY--PERSONAL NAME | |
| Personal name | Baliño, Tomás J. T. |
| 9 (RLIN) | 41392 |
| 245 10 - TITLE STATEMENT | |
| Title | Monetary policy in dollarized economies / |
| Statement of responsibility, etc | Tomás J.T. Baliño, Adam Bennett, and Eduardo Borensztein ; and comprising Andrew Berg ... [et al.]. |
| 260 ## - PUBLICATION, DISTRIBUTION, ETC. (IMPRINT) | |
| Place of publication, distribution, etc | Washington, DC : |
| Name of publisher, distributor, etc | International Monetary Fund, |
| Date of publication, distribution, etc | c1999. |
| 300 ## - PHYSICAL DESCRIPTION | |
| Extent | vii, 47 p. : |
| 490 1# - SERIES STATEMENT | |
| Series statement | Occasional paper ; |
| Volume number/sequential designation | 171 |
| 504 ## - BIBLIOGRAPHY, ETC. NOTE | |
| Bibliography, etc | Includes bibliographical references (p. 44-45). |
| 650 #0 - SUBJECT ADDED ENTRY--TOPICAL TERM | |
| Topical term or geographic name as entry element | Monetary policy |
| Geographic subdivision | Developing countries. |
| 9 (RLIN) | 41371 |
| 650 #0 - SUBJECT ADDED ENTRY--TOPICAL TERM | |
| Topical term or geographic name as entry element | Foreign exchange |
| Geographic subdivision | Developing countries. |
| 9 (RLIN) | 45061 |
| 650 #0 - SUBJECT ADDED ENTRY--TOPICAL TERM | |
| Topical term or geographic name as entry element | Dollar, American. |
| 9 (RLIN) | 45062 |
| 700 1# - ADDED ENTRY--PERSONAL NAME | |
| Personal name | Bennett, Adam. |
| 9 (RLIN) | 45063 |
| 700 1# - ADDED ENTRY--PERSONAL NAME | |
| Personal name | Borensztein, Eduardo. |
| 9 (RLIN) | 45064 |
| 830 #0 - SERIES ADDED ENTRY--UNIFORM TITLE | |
| Uniform title | Occasional paper (International Monetary Fund) ; |
| Volume number/sequential designation | no. 171. |
| 9 (RLIN) | 45065 |
| 906 ## - LOCAL DATA ELEMENT F, LDF (RLIN) | |
| a | 7 |
| b | cbc |
| c | orignew |
| d | 1 |
| e | ocip |
| f | 19 |
| g | y-gencatlg |
| 942 ## - ADDED ENTRY ELEMENTS (KOHA) | |
| Source of classification or shelving scheme | Library of Congress Classification |
| Koha item type | Monograph ( Printed materials) |
| Withdrawn status | Lost status | Source of classification or shelving scheme | Damaged status | Not for loan | Collection code | Home library | Current library | Shelving location | Date acquired | Total Checkouts | Full call number | Barcode | Date last seen | Price effective from | Koha item type |
|---|---|---|---|---|---|---|---|---|---|---|---|---|---|---|---|
| Library of Congress Classification | Main Collection | ARRUPE LIBRARY | ARRUPE LIBRARY | Main Collection | 07/03/2019 | HG1496 .B345 1999 | 46600004111 | 07/03/2019 | 07/03/2019 | Monograph ( Printed materials) |